| 000 -ლიდერი |
| ფიქსირებული სიგრძის საკონტროლო ველი |
01582nam a22002777a 4500 |
| 003 - საკონტროლო ნომრის იდენტიფიკატორი |
| საკონტროლო ველი |
Ge_BSU |
| 005 - ბოლო ოპერაციის თარიღი და დრო |
| საკონტროლო ველი |
20230405120353.0 |
| 008 - ფიქსირებული სიგრძის მონაცემთა ელემენტები - ზოგადი ინფორმაცია |
| ფიქსირებული სიგრძის საკონტროლო ველი |
230405s1986 ge ||||| |||| 00| 0 geo d |
| 041 ## - ენის კოდი |
| Language code of text/sound track or separate title |
geo |
| 080 ## - უნივერსალური ათობითი კლასიფიკაციის ინდექსი |
| Universal Decimal Classification number |
7(3-11)(09) ა-91 |
| 100 ## - მთავარი ჩანაწერი - პიროვნების სახელი |
| Personal name |
აფანასიევა, ვ. |
| 9 (RLIN) |
17486 |
| 245 ## - ცნობა სათაურის შესახებ |
| Title |
ძველი აღმოსავლეთის ხელოვნება : |
| Remainder of title |
ხელოვნების მცირე ისტორია / |
| Statement of responsibility, etc |
ვ. აფანასიევა, ე. ლუკონინი, ნ. პომერანცევა; თარგმ. ლ. შენგელიასი; რედ.: ზ. კიკნაძე. |
| 250 ## - გამოცემის ცნობა |
| Edition statement |
1-ლი გამოცემა |
| 264 ## - წარმოების, გამოცემის, დისტრიბუციის და სხვა ცნობები |
| გამოცემის, წარმოების, დისტრიბუციის... ადგილი |
თბილისი : |
| გამოცემის, წარმოების, დისტრიბუციის... სახელწოდება |
ნაკადული, |
| გამოცემის, წარმოების, დისტრიბუციის... თარიღი |
1986. |
| 300 ## - ფიზიკური აღწერა |
| Extent |
367 გვ. : |
| Other physical details |
ილ. ; |
| Dimensions |
22 სმ. |
| 504 ## - BIBLIOGRAPHY, ETC. NOTE |
| Bibliography, etc |
ბიბლიოგრ.: გვ. 364-367. |
| 653 ## - INDEX TERM--UNCONTROLLED |
| Uncontrolled term |
ძველი აღმოსავლეთის ხელოვნება |
| 653 ## - INDEX TERM--UNCONTROLLED |
| Uncontrolled term |
ხელოვნების ისტორია |
| 653 ## - INDEX TERM--UNCONTROLLED |
| Uncontrolled term |
თარგმანები ქართულ ენაზე |
| 700 ## - ADDED ENTRY--PERSONAL NAME |
| Personal name |
ლუკონინი, ე. |
| Relator term |
ავტორი |
| 9 (RLIN) |
17487 |
| 700 ## - ADDED ENTRY--PERSONAL NAME |
| Personal name |
პომერანცევა, ნ. |
| Relator term |
ავტორი |
| 9 (RLIN) |
17488 |
| 700 ## - ADDED ENTRY--PERSONAL NAME |
| Personal name |
ყავლაშვილი, ჯიბო |
| Relator term |
ილუსტრატორი |
| 9 (RLIN) |
17489 |
| 700 ## - ADDED ENTRY--PERSONAL NAME |
| Personal name |
კიკნაძე, ზ. |
| Relator term |
რედაქტორი |
| 9 (RLIN) |
8082 |
| 700 ## - ADDED ENTRY--PERSONAL NAME |
| Personal name |
შენგელია, ლ. |
| Relator term |
მთარგმნელი |
| 9 (RLIN) |
580 |
| 942 ## - ADDED ENTRY ELEMENTS (KOHA) |
| Source of classification or shelving scheme |
|
| Koha item type |
წიგნი |